| 000 | 00878nmm a2200349 a 4500 | ||
|---|---|---|---|
| 003 | AR-BaBNM | ||
| 005 | 20251128205454.0 | ||
| 008 | 037119s1996 ||||||||||||||000 | spa|| | ||
| 020 | _a950-520-136-2 | ||
| 040 | _cAR-BaBNM | ||
| 100 | 1 | _aBorda, Guillermo A. | |
| 245 | 1 | 0 |
_aManual de derecho civil _bparte general |
| 250 | _a18ยช ed. | ||
| 260 |
_aBuenos Aires _bPerrot _c1996 |
||
| 300 | 0 | _a590 p. | |
| 500 | 0 | _aIndice p. 565-590 | |
| 650 | 4 | _aDERECHO CIVIL | |
| 650 | 4 | _aHISTORIA DEL DERECHO | |
| 650 | 4 | _aFUENTES DEL DERECHO | |
| 650 | 4 | _aJURISPRUDENCIA | |
| 650 | 4 | _aCODIGO CIVIL | |
| 650 | 4 | _aNOMBRES DE PERSONAS | |
| 650 | 4 | _aESTADO | |
| 650 | 4 | _aPERSONAS JURIDICAS | |
| 650 | 4 | _aACTOS JURIDICOS | |
| 650 | 4 | _aNULIDAD | |
| 650 | 4 | _aCODIGO CIVIL | |
| 650 | 4 | _aLEGISLACION ARGENTINA | |
| 653 | 0 | _aPATRIMONIO | |
| 942 | _cBK | ||
| 998 | _cAndrea | ||
| 999 |
_c11536 _d11536 |
||